[Event "Bremen Silvester op"]
[Site "Bremen"]
[Date "2019.12.28"]
[Round "3"]
[White "Lorenzen, Bjoern"]
[Black "Hoerstmann, Martin"]
[Result "0-1"]
[WhiteElo "1946"]
[BlackElo "2208"]
[PlyCount "68"]
[EventDate "2019.12.27"]
[EventType "swiss"]
[EventRounds "7"]
[EventCountry "GER"]
[SourceTitle "CBM 194 Extra"]
[Source "ChessBase"]
[SourceDate "2020.03.31"]
[SourceVersion "1"]
[SourceVersionDate "2020.03.31"]
[SourceQuality "1"]

1. d4 g6 2. c4 Bg7 3. Nc3 c5 4. d5 Bxc3+ 5. bxc3 f5 6. e4 fxe4 7. f3 e5 8. dxe6 Nc6 9. exd7+ Bxd7 10. Qe2 Qa5 11. Bd2 0-0-0 12. fxe4 Nf6 13. 0-0-0 Nxe4 14. Be1 Nxc3 15. Bxc3 Qxc3+ 16. Qc2 Qa1+ 17. Qb1 Qxb1+ 18. Kxb1 Bg4 19. Rxd8+ Rxd8 20. Be2 Bxe2 21. Nxe2 Rd2 22. Nf4 Ne5 23. Re1 Nxc4 24. Re7 Rd7 25. Re2 b6 26. Kc2 Kb7 27. g3 Na3+ 28. Kb3 Nb5 29. Rf2 Rf7 30. h4 Nd4+ 31. Kc4 Kc6 32. Rb2 Nf5 33. Nd3 Nd6+ 34. Kc3 Rf3 0-1

[Event "Langenhagen Summer op 1st"]
[Site "Langenhagen"]
[Date "2019.07.04"]
[Round "2"]
[White "Hoerstmann, Martin"]
[Black "Kolthoff, Siegmund"]
[Result "1-0"]
[WhiteElo "2269"]
[BlackElo "2022"]
[PlyCount "87"]
[EventDate "2019.07.04"]
[EventType "swiss"]
[EventRounds "7"]
[EventCountry "GER"]
[SourceTitle "EXT 2020"]
[Source "ChessBase"]
[SourceDate "2019.10.17"]
[SourceVersion "1"]
[SourceVersionDate "2019.10.17"]
[SourceQuality "1"]

1. d4 Nf6 2. c4 e6 3. Nc3 Bb4 4. e3 d5 5. cxd5 Nxd5 6. Bd2 0-0 7. Rc1 Nd7 8. Nf3 Re8 9. Bd3 Be7 10. Nxd5 exd5 11. Qc2 g6 12. Qxc7 Nf6 13. h3 Ne4 14. Bb5 Rf8 15. 0-0 Nxd2 16. Nxd2 Bd6 17. Qxd8 Rxd8 18. Nb1 Be6 19. Rc3 Rac8 20. Rfc1 Rxc3 21. Nxc3 Kf8 22. Kf1 Ke7 23. Ke1 f5 24. a3 g5 25. Ba4 h5 26. Bb3 Bb8 27. Ke2 h4 28. Kd3 g4 29. Rh1 g3 30. Rf1 f4 31. fxg3 fxg3 32. Bd1 Bf7 33. Bf3 a6 34. Rc1 Be6 35. b4 Ba7 36. Ke2 Kd6 37. Rf1 Rc8 38. Kd2 Bb6 39. Bd1 Bd8 40. Rf8 Ke7 41. Rh8 Kd6 42. Bf3 b6 43. Rh6 Bg5 44. Rxe6+ 1-0

[Event "Oberliga Nord W 1819"]
[Site "Germany"]
[Date "2018.11.25"]
[Round "3.4"]
[White "Hoerstmann, Martin"]
[Black "Happe, Reinhold"]
[Result "1-0"]
[WhiteElo "2234"]
[BlackElo "2133"]
[PlyCount "91"]
[EventDate "2018.10.21"]
[EventType "team-tourn"]
[EventRounds "9"]
[EventCountry "GER"]
[SourceTitle "EXT 2020"]
[Source "ChessBase"]
[SourceDate "2019.10.17"]
[SourceVersion "1"]
[SourceVersionDate "2019.10.17"]
[SourceQuality "1"]
[WhiteTeam "Lister Turm"]
[BlackTeam "Hellern"]
[WhiteTeamCountry "GER"]
[BlackTeamCountry "GER"]

1. Nf3 d5 2. g3 Nf6 3. Bg2 c6 4. 0-0 Bf5 5. d3 h6 6. c4 e6 7. Qb3 Qb6 8. Be3 Qxb3 9. axb3 a6 10. cxd5 exd5 11. Na3 Nbd7 12. Nc2 Bd6 13. b4 0-0 14. Nfd4 Bg6 15. Nb3 Rfe8 16. Rfe1 Be5 17. Reb1 Bc7 18. Re1 Ng4 19. Bd4 Bb6 20. Nc5 Nxc5 21. bxc5 Bc7 22. Bh3 f5 23. f3 Nf6 24. Bxf6 gxf6 25. f4 b6 26. b4 a5 27. Kf1 axb4 28. cxb6 Bxb6 29. Nxb4 Ba5 30. Reb1 Bxb4 31. Rxa8 Rxa8 32. Rxb4 Ra7 33. Rb8+ Kf7 34. Rc8 Ra1+ 35. Kf2 Rc1 36. Ke3 Ke6 37. Rh8 h5 38. Bg2 c5 39. Bf3 d4+ 40. Kd2 Ra1 41. Rc8 Ra6 42. Rxc5 Be8 43. Rc7 Bd7 44. Rc4 Rd6 45. Bxh5 Bc6 46. Ke1 1-0

[Event "Hannover Ihme Cup"]
[Site "Hannover"]
[Date "2017.04.29"]
[Round "3.3"]
[White "Hoerstmann, Martin"]
[Black "Leitzke, Walter"]
[Result "1-0"]
[WhiteElo "2256"]
[BlackElo "1882"]
[PlyCount "67"]
[EventDate "2017.04.28"]
[EventType "swiss"]
[EventRounds "5"]
[EventCountry "GER"]
[SourceTitle "EXT 2022"]
[Source "ChessBase"]
[SourceDate "2021.10.06"]
[SourceVersion "1"]
[SourceVersionDate "2021.10.06"]
[SourceQuality "1"]

1. d4 Nf6 2. c4 g6 3. Nc3 d5 4. cxd5 Nxd5 5. Bd2 Bg7 6. e4 Nb6 7. Be3 0-0 8. Be2 Nc6 9. Nf3 Bg4 10. d5 Na5 11. Bd4 Bxf3 12. gxf3 Bxd4 13. Qxd4 Nc6 14. Qe3 Ne5 15. f4 Nec4 16. Qd4 c5 17. Qxc5 Rc8 18. Qb4 Qc7 19. Bxc4 Nxc4 20. Ne2 a5 21. Qb3 f5 22. Rc1 fxe4 23. 0-0 Rf6 24. Rc2 b5 25. a4 bxa4 26. Qxa4 Rxf4 27. Nxf4 Qxf4 28. Qd7 Rc7 29. Qe6+ Kg7 30. Rfc1 Ne5 31. Rxc7 Nf3+ 32. Kf1 Nxh2+ 33. Kg2 Qf3+ 34. Kg1 1-0

[Event "Hannover Ihme Cup"]
[Site "Hannover"]
[Date "2017.04.28"]
[Round "1.4"]
[White "Hoerstmann, Martin"]
[Black "Moeller, Jonas"]
[Result "1-0"]
[WhiteElo "2256"]
[BlackElo "1764"]
[PlyCount "71"]
[EventDate "2017.04.28"]
[EventType "swiss"]
[EventRounds "5"]
[EventCountry "GER"]
[SourceTitle "EXT 2022"]
[Source "ChessBase"]
[SourceDate "2021.10.06"]
[SourceVersion "1"]
[SourceVersionDate "2021.10.06"]
[SourceQuality "1"]

1. d4 Nf6 2. c4 e6 3. Nc3 Bb4 4. e3 0-0 5. Nge2 Re8 6. a3 Bf8 7. g3 d5 8. Bg2 c6 9. b3 Nbd7 10. 0-0 g6 11. Qc2 dxc4 12. bxc4 Nb6 13. Qb3 e5 14. d5 cxd5 15. cxd5 e4 16. Rd1 Bd7 17. h3 Nfxd5 18. Rxd5 Nxd5 19. Qxd5 Bc6 20. Qb3 Bg7 21. Bb2 Qa5 22. Nd4 Bxd4 23. exd4 Rad8 24. Rd1 Bd5 25. Qc2 f5 26. Qd2 b5 27. g4 b4 28. axb4 Qxb4 29. gxf5 gxf5 30. Qg5+ Kh8 31. Ba1 Qf8 32. Kh1 Qg8 33. Qf4 Qe6 34. Rb1 e3 35. Nxd5 e2 36. Ne3 1-0

[Event "Oberliga Nord W 1516"]
[Site "Germany"]
[Date "2016.04.10"]
[Round "9.3"]
[White "Mossakowski, Florian"]
[Black "Hoerstmann, Martin"]
[Result "1-0"]
[WhiteElo "2298"]
[BlackElo "2312"]
[PlyCount "99"]
[EventDate "2015.09.20"]
[EventType "team-tourn"]
[EventRounds "9"]
[EventCountry "GER"]
[SourceTitle "EXT 2017"]
[Source "ChessBase"]
[SourceDate "2016.10.25"]
[SourceVersion "1"]
[SourceVersionDate "2016.10.25"]
[SourceQuality "1"]
[WhiteTeam "Delmenhorst"]
[BlackTeam "Lister Turm"]
[WhiteTeamCountry "GER"]
[BlackTeamCountry "GER"]

1. e4 g6 2. d4 Bg7 3. Nc3 d6 4. f4 a6 5. Nf3 b5 6. a3 Nd7 7. Be3 Bb7 8. Qd2 c5 9. dxc5 Nxc5 10. e5 Nh6 11. Rd1 0-0 12. Be2 Ne6 13. 0-0 dxe5 14. Nxe5 Nf5 15. Qc1 Qc7 16. Rd7 Qc8 17. Rfd1 Bxe5 18. fxe5 Bc6 19. R7d3 Qb7 20. Nd5 Rad8 21. Bf3 Nfd4 22. Bxd4 Bxd5 23. Bxd5 Rxd5 24. c3 Rc8 25. Qh6 Nf8 26. Rf3 Qc6 27. Rdf1 Qe8 28. h4 Rc7 29. h5 Rc6 30. Rg3 Re6 31. Rf4 Nd7 32. hxg6 Rxg6 33. e6 Nf6 34. Rxg6+ fxg6 35. Bxf6 exf6 36. Rxf6 Qe7 37. Qf4 Qc5+ 38. Kf1 Re5 39. b4 Qd6 40. Qd4 Qc7 41. Rf7 Rf5+ 42. Rxf5 gxf5 43. Kf2 h5 44. g3 Kf8 45. Qf6+ Ke8 46. Qxf5 Ke7 47. Qf7+ Kd6 48. Qxc7+ Kxc7 49. Kf3 Kd6 50. Kf4 1-0

[Event "Oberliga Nord W 1516"]
[Site "Germany"]
[Date "2015.10.11"]
[Round "2.2"]
[White "Hoerstmann, Martin"]
[Black "Schulz, Jens"]
[Result "0-1"]
[WhiteElo "2312"]
[BlackElo "2220"]
[PlyCount "110"]
[EventDate "2015.09.20"]
[EventType "team-tourn"]
[EventRounds "9"]
[EventCountry "GER"]
[SourceTitle "CBM 170 Extra"]
[Source "ChessBase"]
[SourceDate "2016.02.25"]
[SourceVersion "1"]
[SourceVersionDate "2016.02.25"]
[SourceQuality "1"]
[WhiteTeam "Lister Turm"]
[BlackTeam "Nordhorn Blanke"]
[WhiteTeamCountry "GER"]
[BlackTeamCountry "GER"]

1. d4 Nf6 2. c4 e6 3. g3 d5 4. Bg2 Be7 5. Nf3 0-0 6. 0-0 Nbd7 7. Qc2 c6 8. Nbd2 b6 9. e4 dxe4 10. Nxe4 Bb7 11. Nxf6+ Nxf6 12. Rd1 Qc8 13. c5 Rd8 14. Bg5 bxc5 15. dxc5 Qc7 16. a3 Rxd1+ 17. Rxd1 Rd8 18. b4 a5 19. Bf1 Qc8 20. Rxd8+ Qxd8 21. Ne5 axb4 22. axb4 h6 23. Bd2 Qa8 24. h3 Nd5 25. Qe4 Qa1 26. Kg2 Ba6 27. Bxa6 Qxa6 28. Qc4 Qa4 29. Nd3 Bf6 30. Nf4 Qd1 31. Nxd5 exd5 32. Qg4 Qxg4 33. hxg4 Kf8 34. Kf3 Ke7 35. Ke2 Kd7 36. Kd3 Kc7 37. Kc2 Kb7 38. Kb3 Ka6 39. Ka4 Bd4 40. f3 Bf2 41. Bf4 d4 42. Be5 g6 43. Bf4 Be1 44. Bxh6 d3 45. b5+ cxb5+ 46. Kb3 Kb7 47. Bf4 Kc6 48. Bd6 Bb4 49. Bf4 d2 50. Kc2 Kxc5 51. Be3+ Kc4 52. f4 Bc3 53. Bxd2 Bxd2 54. Kxd2 Kd4 55. f5 g5 0-1

[Event "Oberliga Nord W 0607"]
[Site "Germany"]
[Date "2006.12.10"]
[Round "4.3"]
[White "Meyer, Malte"]
[Black "Hoerstmann, Martin"]
[Result "0-1"]
[WhiteElo "2301"]
[BlackElo "2324"]
[PlyCount "94"]
[EventDate "2006.10.15"]
[EventType "team-tourn"]
[EventRounds "9"]
[EventCountry "GER"]
[SourceTitle "EXT 2008"]
[Source "ChessBase"]
[SourceDate "2007.11.25"]
[SourceVersion "1"]
[SourceVersionDate "2007.11.25"]
[SourceQuality "1"]
[WhiteTeam "Delmenhorst"]
[BlackTeam "Hannover Post"]
[WhiteTeamCountry "GER"]
[BlackTeamCountry "GER"]

1. d4 g6 2. c4 Bg7 3. e4 d6 4. Nc3 Nf6 5. Nf3 0-0 6. Be2 Na6 7. 0-0 e5 8. d5 Nc5 9. Nd2 a5 10. f3 Bh6 11. Nb3 Bxc1 12. Nxc1 Bd7 13. b3 Qe7 14. a3 Nh5 15. Ra2 Qg5 16. Qd2 Qxd2 17. Rxd2 f5 18. exf5 gxf5 19. Bd1 Kf7 20. Bc2 Kf6 21. N1e2 Rg8 22. f4 e4 23. Nc1 Ke7 24. Nd1 b5 25. Ne3 bxc4 26. bxc4 Rab8 27. Ne2 Kf6 28. Rdd1 Rb2 29. Rb1 Rgb8 30. g3 Ba4 31. Nc3 Bxc2 32. Nxc2 Rxc2 33. Rxb8 Rxc3 34. Rf8+ Kg6 35. g4 fxg4 36. f5+ Kg7 37. Rc8 Rf3 38. Rxc7+ Kf6 39. Rxh7 Nf4 40. Rh8 Ne2+ 41. Kg2 Nf4+ 42. Kg1 e3 43. Rb1 Kxf5 44. Rf8+ Ke4 45. Rg8 e2 46. Rxg4 Ncd3 47. Rg8 Nh3+ 0-1

[Event "Oberliga Nord W 0607"]
[Site "Germany"]
[Date "2006.11.19"]
[Round "3.3"]
[White "David, Adrian"]
[Black "Hoerstmann, Martin"]
[Result "1-0"]
[WhiteElo "2325"]
[BlackElo "2324"]
[PlyCount "97"]
[EventDate "2006.10.15"]
[EventType "team-tourn"]
[EventRounds "9"]
[EventCountry "GER"]
[SourceTitle "EXT 2008"]
[Source "ChessBase"]
[SourceDate "2007.11.25"]
[SourceVersion "1"]
[SourceVersionDate "2007.11.25"]
[SourceQuality "1"]
[WhiteTeam "Hameln"]
[BlackTeam "Hannover Post"]
[WhiteTeamCountry "GER"]
[BlackTeamCountry "GER"]

1. Nf3 g6 2. c4 Bg7 3. d4 d6 4. Nc3 Nf6 5. e4 0-0 6. Be2 Na6 7. 0-0 e5 8. Be3 Ng4 9. Bg5 Qe8 10. h3 f6 11. hxg4 fxg5 12. dxe5 dxe5 13. Nxg5 c6 14. Nh3 Qe7 15. Qc1 Nc5 16. Qe3 Ne6 17. Qg3 Nd4 18. Bd1 Be6 19. b3 Rad8 20. g5 Bxh3 21. Qxh3 Qxg5 22. Qg4 Qd2 23. Qh3 Rf6 24. Qe3 Ne6 25. Nd5 Qb2 26. Nxf6+ Bxf6 27. Qxa7 Qxa1 28. Bg4 Qd4 29. Bxe6+ Kh8 30. Qxb7 Qxe4 31. Bd7 Qe2 32. Bxc6 Qxa2 33. Qf7 Bg7 34. b4 Rf8 35. Qd5 Qb2 36. b5 e4 37. Qxe4 Bd4 38. Qh4 Qc3 39. Qe7 Rf5 40. Qe2 Qb4 41. Bf3 Re5 42. Qd3 Qb2 43. g3 Rf5 44. Kg2 Re5 45. Qb1 Qd2 46. Qc1 Qb4 47. Qf4 Bc3 48. Qf6+ Kg8 49. Bd5+ 1-0

[Event "Oberliga Nord W 0506"]
[Site "Germany"]
[Date "2006.04.02"]
[Round "9.1"]
[White "Weyrich, Morten"]
[Black "Hoerstmann, Martin"]
[Result "1-0"]
[WhiteElo "2312"]
[BlackElo "2336"]
[PlyCount "91"]
[EventDate "2005.10.23"]
[EventType "team-tourn"]
[EventRounds "9"]
[EventCountry "GER"]
[SourceTitle "CBM 111 Extra"]
[Source "ChessBase"]
[SourceDate "2006.05.09"]
[SourceVersion "1"]
[SourceVersionDate "2006.05.09"]
[SourceQuality "1"]
[WhiteTeam "Hameln"]
[BlackTeam "Hannover Post"]
[WhiteTeamCountry "GER"]
[BlackTeamCountry "GER"]

1. g3 g6 2. Bg2 Bg7 3. e4 c5 4. Ne2 Nc6 5. Nbc3 e5 6. d3 Nge7 7. 0-0 0-0 8. f4 d6 9. h3 Nd4 10. Kh2 Rb8 11. Be3 Be6 12. Qd2 Qd7 13. Rae1 b6 14. Rf2 Rbd8 15. Ref1 Nxe2 16. Qxe2 exf4 17. Bxf4 d5 18. Bg5 d4 19. Nd1 Rc8 20. Bf6 Nc6 21. Qd2 Ne5 22. Qg5 Qc7 23. b3 b5 24. Bxg7 Kxg7 25. Rf4 f6 26. Rxf6 Qe7 27. Qxe5 Rxf6 28. c3 Kf7 29. cxd4 Rxf1 30. Bxf1 cxd4 31. Qxd4 Rc2+ 32. Bg2 Rxa2 33. Nc3 Ra6 34. e5 Bxb3 35. Nd5 Qd8 36. Qf2+ Kg7 37. Nb4 Ra4 38. Nc6 Qf8 39. Qb2 Qa3 40. Qd2 Bf7 41. Qg5 Qa2 42. Qf6+ Kh6 43. g4 Ra3 44. Nd4 Be6 45. Qf8+ Kg5 46. Nf3# 1-0

[Event "Oberliga Nord W 0506"]
[Site "Germany"]
[Date "2006.03.12"]
[Round "8.1"]
[White "Hoerstmann, Martin"]
[Black "Laubsch, Bernd"]
[Result "1-0"]
[WhiteElo "2336"]
[BlackElo "2324"]
[PlyCount "76"]
[EventDate "2005.10.23"]
[EventType "team-tourn"]
[EventRounds "9"]
[EventCountry "GER"]
[SourceTitle "CBM 111 Extra"]
[Source "ChessBase"]
[SourceDate "2006.05.09"]
[SourceVersion "1"]
[SourceVersionDate "2006.05.09"]
[SourceQuality "1"]
[WhiteTeam "Hannover Post"]
[BlackTeam "Uelzen Post"]
[WhiteTeamCountry "GER"]
[BlackTeamCountry "GER"]

1. d4 Nf6 2. c4 g6 3. Nc3 d5 4. Nf3 Bg7 5. Bg5 Ne4 6. Bh4 Nxc3 7. bxc3 dxc4 8. e3 b5 9. a4 c6 10. Be2 Nd7 11. Nd2 a6 12. Bf3 Bb7 13. Qb1 Qc8 14. 0-0 Nb6 15. Qb4 0-0 16. Bxe7 Re8 17. Bc5 Nd7 18. Bd6 f5 19. Rab1 Ra7 20. Rfe1 Ba8 21. e4 Bh6 22. Qb2 Nb6 23. a5 Na4 24. Qc2 c5 25. d5 Qd8 26. Nxc4 Rd7 27. e5 Bg7 28. Nb2 Rxd6 29. exd6 Nxc3 30. Rbc1 h6 31. Nd3 c4 32. Nc5 Bxd5 33. Rxe8+ Qxe8 34. d7 Qe7 35. Bxd5+ Nxd5 36. Qd2 Qxc5 37. d8Q+ Kh7 38. Q2xd5 Qa3 1-0

[Event "Oberliga Nord W 0506"]
[Site "Germany"]
[Date "2005.11.27"]
[Round "3.1"]
[White "Hoerstmann, Martin"]
[Black "Zumsande, Martin"]
[Result "0-1"]
[WhiteElo "2336"]
[BlackElo "2368"]
[PlyCount "104"]
[EventDate "2005.10.23"]
[EventType "team-tourn"]
[EventRounds "9"]
[EventCountry "GER"]
[SourceTitle "CBM 111 Extra"]
[Source "ChessBase"]
[SourceDate "2006.05.09"]
[SourceVersion "1"]
[SourceVersionDate "2006.05.09"]
[SourceQuality "1"]
[WhiteTeam "Hannover Post"]
[BlackTeam "Goettingen"]
[WhiteTeamCountry "GER"]
[BlackTeamCountry "GER"]

1. d4 e6 2. c4 d5 3. Nc3 Be7 4. cxd5 exd5 5. Bf4 Nf6 6. e3 Bf5 7. Nge2 0-0 8. Ng3 Be6 9. Bd3 c5 10. dxc5 Bxc5 11. 0-0 Nc6 12. Rc1 d4 13. Nb5 Bb6 14. exd4 Nxd4 15. Nxd4 Qxd4 16. Be3 Qxb2 17. Rb1 Qxa2 18. Bxb6 axb6 19. Ne4 Nxe4 20. Bxe4 Bc4 21. Re1 b5 22. h4 Rad8 23. Qh5 g6 24. Qc5 Rfe8 25. Bxb7 Rxe1+ 26. Rxe1 Qd2 27. Re5 Qd1+ 28. Kh2 Qd6 29. g3 Qxc5 30. Rxc5 Rb8 31. Be4 Be6 32. h5 b4 33. f3 Bf5 34. Bxf5 gxf5 35. Kg2 b3 36. Rc1 b2 37. Rb1 Kg7 38. Kf2 Rb3 39. Ke2 Kh6 40. Kd1 Kxh5 41. Kc2 Rxf3 42. Kxb2 Rxg3 43. Kc2 Kg4 44. Kd2 Rg2+ 45. Kd3 h5 46. Rb7 h4 47. Rxf7 f4 48. Rg7+ Kf3 49. Rh7 Rg8 50. Rxh4 Rd8+ 51. Kc2 Kg3 52. Rh8 Rxh8 0-1

[Event "BL2-Nord 0405"]
[Site "Germany"]
[Date "2005.03.13"]
[Round "8.2"]
[White "Maksimenko, Andrei"]
[Black "Hoerstmann, Martin"]
[Result "1-0"]
[WhiteElo "2524"]
[BlackElo "2325"]
[PlyCount "53"]
[EventDate "2004.10.24"]
[EventType "team-tourn"]
[EventRounds "9"]
[EventCountry "GER"]
[SourceTitle "EXT 2007"]
[Source "ChessBase"]
[SourceDate "2006.11.23"]
[SourceVersion "1"]
[SourceVersionDate "2006.11.23"]
[SourceQuality "1"]
[WhiteTeam "Zehlendorf"]
[BlackTeam "Hannover Post"]
[WhiteTeamCountry "GER"]
[BlackTeamCountry "GER"]

1. d4 g6 2. e4 Bg7 3. c4 d6 4. Nc3 Nf6 5. Be2 0-0 6. Bg5 Na6 7. Qd2 Qe8 8. f3 c6 9. g4 e5 10. d5 cxd5 11. cxd5 Bd7 12. Nh3 Nc5 13. Nf2 a5 14. h4 b5 15. h5 Ra7 16. Ncd1 Qb8 17. Bh6 Rc8 18. Bxg7 Kxg7 19. hxg6 fxg6 20. Qh6+ Kg8 21. Ne3 Na4 22. g5 Nh5 23. Nfg4 Bxg4 24. Nxg4 Qb6 25. Rxh5 gxh5 26. Qe6+ Kg7 27. Qf6+ 1-0

[Event "BL2-Nord 0405"]
[Site "Germany"]
[Date "2005.01.16"]
[Round "5.2"]
[White "Hoerstmann, Martin"]
[Black "Muse, Mladen"]
[Result "1/2-1/2"]
[WhiteElo "2325"]
[BlackElo "2448"]
[PlyCount "66"]
[EventDate "2004.10.24"]
[EventType "team-tourn"]
[EventRounds "9"]
[EventCountry "GER"]
[SourceTitle "EXT 2007"]
[Source "ChessBase"]
[SourceDate "2006.11.23"]
[SourceVersion "1"]
[SourceVersionDate "2006.11.23"]
[SourceQuality "1"]
[WhiteTeam "Hannover Post"]
[BlackTeam "Koenig Tegel"]
[WhiteTeamCountry "GER"]
[BlackTeamCountry "GER"]

1. d4 d5 2. c4 e6 3. Nc3 Nf6 4. cxd5 exd5 5. Bg5 c6 6. e3 Qb6 7. Qd2 Ne4 8. Nxe4 dxe4 9. Ne2 Bb4 10. Nc3 Qa5 11. Bh4 Be6 12. Be2 Nd7 13. 0-0 Nb6 14. Qc2 f5 15. Nd1 0-0 16. a3 Bd6 17. Nc3 Nd5 18. b4 Qc7 19. Bg3 f4 20. exf4 Nxc3 21. Qxc3 Bxf4 22. Bc4 Qf7 23. Bxe6 Qxe6 24. Rfe1 Rad8 25. Bxf4 Rxf4 26. Qe3 Qf6 27. Rad1 h6 28. Rd2 Rd5 29. g3 Rf3 30. Qxe4 Rxa3 31. Qe8+ Kh7 32. Qe4+ Kg8 33. Qe8+ Kh7 1/2-1/2

[Event "Oberliga Nord W 0203"]
[Site "Germany"]
[Date "2003.03.30"]
[Round "9.1"]
[White "Hoerstmann, Martin"]
[Black "Buchenau, Frank"]
[Result "1/2-1/2"]
[WhiteElo "2323"]
[BlackElo "2273"]
[PlyCount "92"]
[EventDate "2002.10.20"]
[EventType "team"]
[EventRounds "9"]
[EventCountry "GER"]
[SourceTitle "EXT 2004"]
[Source "ChessBase"]
[SourceDate "2003.11.25"]
[SourceVersion "1"]
[SourceVersionDate "2003.11.25"]
[SourceQuality "1"]
[WhiteTeam "Hannover Post"]
[BlackTeam "Goettingen Tempo"]
[WhiteTeamCountry "GER"]
[BlackTeamCountry "GER"]

1. d4 e6 2. Nf3 Nf6 3. g3 b6 4. Bg2 Bb7 5. 0-0 Be7 6. c4 0-0 7. Nc3 Ne4 8. Bd2 f5 9. Rc1 Bf6 10. d5 Na6 11. Ne1 Nac5 12. b4 Nxc3 13. Bxc3 Ne4 14. Bxf6 Qxf6 15. Qd3 a5 16. a3 axb4 17. axb4 Qb2 18. Nc2 exd5 19. Ne3 Ra3 20. Rc2 Qxb4 21. Nxd5 Qc5 22. Qd1 Rfa8 23. Bxe4 fxe4 24. Qd2 Ra1 25. Rxa1 Rxa1+ 26. Kg2 h6 27. Ne3 Bc6 28. Qc3 Ra3 29. Qb2 Ra8 30. Rd2 d6 31. h4 Qa3 32. Qd4 Qa1 33. Qxa1 Rxa1 34. g4 b5 35. cxb5 Bxb5 36. Kg3 Re1 37. Nd5 Rxe2 38. Rxe2 Bxe2 39. Nxc7 Kf7 40. Kf4 Bd3 41. h5 Ke7 42. Nd5+ Ke6 43. Nc7+ Kd7 44. Nd5 Ke6 45. Nc7+ Kd7 46. Nd5 Ke6 1/2-1/2

[Event "BL2-Nord 0304"]
[Site "Germany"]
[Date "2003.??.??"]
[Round "?.2"]
[White "Neffe, Axel"]
[Black "Hoerstmann, Martin"]
[Result "0-1"]
[WhiteElo "2270"]
[BlackElo "2310"]
[PlyCount "76"]
[EventDate "2003.10.??"]
[EventType "team-tourn"]
[EventRounds "9"]
[EventCountry "GER"]
[SourceTitle "CBM 100 Extra"]
[Source "ChessBase"]
[SourceDate "2004.07.06"]
[SourceVersion "2"]
[SourceVersionDate "2004.07.06"]
[SourceQuality "1"]
[WhiteTeam "Hamburg Schachfreunde"]
[BlackTeam "Hannover Post"]
[WhiteTeamCountry "GER"]
[BlackTeamCountry "GER"]

1. e4 g6 2. d4 Bg7 3. Nc3 d6 4. Bg5 c6 5. Qd2 b5 6. f4 Nf6 7. Bd3 0-0 8. Nf3 Bg4 9. 0-0 Qb6 10. Ne2 e5 11. fxe5 dxe5 12. Kh1 exd4 13. Nfxd4 Nbd7 14. c3 c5 15. Nf3 Rfe8 16. Nfg1 a6 17. Rae1 Ne5 18. Bb1 Rad8 19. Qc1 Rd6 20. Nf4 Qc6 21. h3 Bc8 22. b3 Bb7 23. c4 h6 24. Bxf6 Rxf6 25. Nd5 Rxf1 26. Rxf1 bxc4 27. bxc4 a5 28. Nf3 Nxf3 29. Rxf3 Qd6 30. Qf1 Rf8 31. Rb3 Bxd5 32. exd5 Bd4 33. Rb7 Qg3 34. Rb3 Qh4 35. Rf3 Re8 36. g3 Qe7 37. Bd3 Kg7 38. Kg2 Rb8 0-1